Fundamento racional del derecho de propiedad y examen de las doctrinas que le justifican y combaten / (Record no. 69340)

MARC details
000 -LEADER
campo de control de longitud fija 00628nam a2200169 i 4500
001 - NÚMERO DE CONTROL
campo de control 69340
003 - IDENTIFICADOR DE NÚMERO DE CONTROL
campo de control ES-MaACL
005 - FECHA Y HORA DE LA ÚLTIMA TRANSACCIÓN
campo de control 20230906170510.0
007 - CAMPO FIJO DE DESCRIPCIÓN FÍSICA--INFORMACIÓN GENERAL
campo de control de longitud fija t|
008 - DATOS DE LONGITUD FIJA--INFORMACIÓN GENERAL
campo de control de longitud fija 040705s1912 sp ||||1| spa d
100 1# - ENTRADA PRINCIPAL--NOMBRE DE PERSONA
Nombre de persona García Baxter, Francisco.
9 (RLIN) 54243
245 10 - MENCIÓN DEL TÍTULO
Título Fundamento racional del derecho de propiedad y examen de las doctrinas que le justifican y combaten /
Mención de responsabilidad, etc. Memoria presentada por Francisco Garcia Baxter para obtener el grado de Doctor en Derecho.
260 ## - PUBLICACIÓN, DISTRIBUCIÓN, ETC.
Lugar de publicación, distribución, etc. Madrid :
Nombre del editor, distribuidor, etc. [s.n.],
Fecha de publicación, distribución, etc. 1912 (
Fabricante Inocente Calleja)
300 ## - DESCRIPCIÓN FÍSICA
Extensión 75 p. ;
Dimensiones 22 cm.
650 #4 - PUNTO DE ACCESO ADICIONAL DE MATERIA--TÉRMINO DE MATERIA
Término de materia o nombre geográfico como elemento de entrada Propiedad privada.
9 (RLIN) 136779
852 ## - LOCALIZACIÓN
Ubicación ES-MaACL
Número de control de estantería T-1309-F-4
Holdings
Estatus retirado Estado de pérdida Estado de daño No para préstamo Colección Biblioteca de origen Biblioteca actual Ubicación en estantería Fecha de adquisición Fuente de adquisición Total de préstamos Signatura topográfica completa Código de barras Visto por última vez Precio de reemplazo Tipo de ítem Koha
        Colección de folletos Biblioteca del Ateneo de Madrid Biblioteca del Ateneo de Madrid Depósito folletos 17/01/2008     T-1309-F-4 1072609 23/02/2023 23/02/2023 Folleto